Central Library OPAC University of Rajshahi

আধুনিক বাংলা সাহিত্য সাধনা / (Record no. 41746)

MARC details
000 -LEADER
fixed length control field 00991nam a22002417a 4500
001 - CONTROL NUMBER
control field 41746
003 - CONTROL NUMBER IDENTIFIER
rucl marc code BD-RjUL
005 - DATE AND TIME OF LATEST TRANSACTION
control field 20211209053437.0
008 - FIXED-LENGTH DATA ELEMENTS--GENERAL INFORMATION
fixed length control field 160605s1982 bg ||||| |||| 00| 0 ben d
020 ## - INTERNATIONAL STANDARD BOOK NUMBER
Terms of availability : Tk.32.00
035 ## - SYSTEM CONTROL NUMBER
System control number (BD-RjUL) 41864
040 ## - CATALOGING SOURCE
Original cataloging agency BD-RjUL
Transcribing agency BD-RjUL
Language of cataloging ben
041 ## - LANGUAGE CODE
Language code of text/sound track or separate title ben
082 ## - DEWEY DECIMAL CLASSIFICATION NUMBER
Edition number 23
Classification number 891.4409
Author mark and year UDA 1982
100 ## - MAIN ENTRY--PERSONAL NAME
Personal name উদ্দীন, মুহম্মদ মজির
9 (RLIN) 128241
245 10 - TITLE STATEMENT
Title আধুনিক বাংলা সাহিত্য সাধনা /
Statement of responsibility, etc. মুহম্মদ মজির উদ্দীন
260 ## - PUBLICATION, DISTRIBUTION, ETC. (IMPRINT)
Place of publication, distribution, etc. রাজশাহী :
Name of publisher, distributor, etc. রাফিয়া সুলতানা,
Date of publication, distribution, etc. ১৯৮২
300 ## - PHYSICAL DESCRIPTION
Pagination [৬], ১২২ পৃ. ;
Size ২২ সেমি.
504 ## - BIBLIOGRAPHY, ETC. NOTE
Bibliography, etc তথ্য-সংকেত সংযুক্ত
650 ## - SUBJECT ADDED ENTRY--TOPICAL TERM
Topical term or geographic name as entry element বাংলা সাহিত্য
General subdivision ইতিহাস ও সমালোচনা
9 (RLIN) 128242
Topical term or geographic name as entry element Bengali Literature
General subdivision History and Criticism
9 (RLIN) 117020
942 ## - ADDED ENTRY ELEMENTS (KOHA)
Source of classification or shelving scheme Dewey Decimal Classification
Koha item type Books
Holdings
Lost status Source of classification or shelving scheme Damaged status Not for loan Collection code Permanent Location Current Location Shelving location Date acquired Source of acquisition Cost, normal purchase price Total Checkouts Full call number Date last seen Copy number Koha item type
  Dewey Decimal Classification     Non-fiction Central Library, University of Rajshahi Central Library, University of Rajshahi   29/12/1982 Author, Bangla Dept. R.U 32.00   B 891.4409 UDA 1982 05/06/2016 C-2 Books
  Dewey Decimal Classification     Non-fiction Central Library, University of Rajshahi Central Library, University of Rajshahi   29/12/1982 Author, Bangla Dept. R.U 32.00   B 891.4409 UDA 1982 13/08/2016 C-3 Books
  Dewey Decimal Classification     Non-fiction Central Library, University of Rajshahi Central Library, University of Rajshahi   29/12/1982 Author, Bangla Dept. R.U 32.00   B 891.4409 UDA 1982 13/08/2016 C-4 Books
  Dewey Decimal Classification     Non-fiction Central Library, University of Rajshahi Central Library, University of Rajshahi   29/12/1982 Author, Bangla Dept. R.U 32.00   B 891.4409 UDA 1982 13/08/2016 C-5 Books
  Dewey Decimal Classification     Non-fiction Central Library, University of Rajshahi Central Library, University of Rajshahi   29/12/1982 Author, Bangla Dept. R.U 32.00   B 891.4409 UDA 1982 13/08/2016 C-6 Books
  Dewey Decimal Classification     Non-fiction Central Library, University of Rajshahi Central Library, University of Rajshahi   29/12/1982 Author, Bangla Dept. R.U 32.00   B 891.4409 UDA 1982 13/08/2016 C-7 Books
  Dewey Decimal Classification     Non-fiction Central Library, University of Rajshahi Central Library, University of Rajshahi   29/12/1982 Author, Bangla Dept. R.U 32.00   B 891.4409 UDA 1982 13/08/2016 C-8 Books
  Dewey Decimal Classification     Non-fiction Central Library, University of Rajshahi Central Library, University of Rajshahi   29/12/1982 Author, Bangla Dept. R.U 32.00   B 891.4409 UDA 1982 13/08/2016 C-9 Books
  Dewey Decimal Classification     Non-fiction Central Library, University of Rajshahi Central Library, University of Rajshahi   29/12/1982 Author, Bangla Dept. R.U 32.00   B 891.4409 UDA 1982 13/08/2016 C-10 Books
  Dewey Decimal Classification   Not For Loan Non-fiction Central Library, University of Rajshahi Central Library, University of Rajshahi Reading Room 29/12/1982 Author, Bangla Dept. R.U 32.00   B 891.4409 UDA 1982 13/08/2016 C-1 Books